Southville International School and Colleges
Your cart is empty.
  • Cart
  • Lists
    Public lists Eva Luna New books Lux_list list_1
    Your lists Log in to create your own lists
  • Log in to your account
  • Your cookies
  • Search history
Southville International School and Colleges
  • Advanced search
  • Recent comments
  • Most popular
  • Libraries

Log in to your account

Log in with GOOGLE


If you do not have an external account, but do have a local account, you can still log in:

  1. Home
  2. MARC view: Essentials of marketing /
Normal view MARC view ISBD view

Essentials of marketing / (Record no. 357050)

[ view plain ]
MARC details
000 -LEADER
fixed length control field 00574nam a2200217Ia 4500
008 - FIXED-LENGTH DATA ELEMENTS--GENERAL INFORMATION
fixed length control field 180523s9999 xx 000 0 und d
020 ## - INTERNATIONAL STANDARD BOOK NUMBER
International Standard Book Number 981-240-313-2
050 ## - LIBRARY OF CONGRESS CALL NUMBER
Classification number MAIN HF 5415
050 ## - LIBRARY OF CONGRESS CALL NUMBER
Item number .L36 2001
100 ## - MAIN ENTRY--PERSONAL NAME
Personal name Lamb, Charles W.
245 #0 - TITLE STATEMENT
Title Essentials of marketing /
245 #0 - TITLE STATEMENT
Statement of responsibility, etc Charles W. Lamb, Jr., Joseph F. Hair, Jr., Carl McDaniel.
260 ## - PUBLICATION, DISTRIBUTION, ETC. (IMPRINT)
Place of publication, distribution, etc Singapore :
260 ## - PUBLICATION, DISTRIBUTION, ETC. (IMPRINT)
Name of publisher, distributor, etc Thomson Learning Asia,
260 ## - PUBLICATION, DISTRIBUTION, ETC. (IMPRINT)
Date of publication, distribution, etc 2001
300 ## - PHYSICAL DESCRIPTION
Extent 579 pages :
300 ## - PHYSICAL DESCRIPTION
Other physical details illustrations ;
300 ## - PHYSICAL DESCRIPTION
Dimensions 26 cm.
500 ## - GENERAL NOTE
General note Includes index.
650 ## - SUBJECT ADDED ENTRY--TOPICAL TERM
Topical term or geographic name as entry element Marketing.
Holdings
Withdrawn status Lost status Damaged status Home library Current library Shelving location Date acquired Total Checkouts Full call number Barcode Date last seen Price effective from Koha item type
      South Mansfield College South Mansfield College   03/07/2005   MAIN HF 5415 .L36 2001 SMC00593 05/23/2018 05/23/2018  

Essentials of marketing /

APA

Lamb C. W., .Essentials of marketing. Singapore: .

Chicago

Lamb Charles W, .Essentials of marketing. Singapore: .

Harvard

Lamb C. W., .Essentials of marketing. Singapore: .

MLA

Lamb Charles W, .Singapore: . .

  • Place hold
  • Print
  • Cite
  • Add to your cart (remove)
  • Save record
    BIBTEX Dublin Core MARCXML MARC (non-Unicode/MARC-8) MARC (Unicode/UTF-8) MARC (Unicode/UTF-8, Standard) MODS (XML) RIS
  • More searches
    Search for this title in:
    Other Libraries (WorldCat) Other Databases (Google Scholar) Online Stores (Bookfinder.com) Open Library (openlibrary.org)

Exporting to Dublin Core...

SOUTHVILLE LIBRARY

Southville International School and Colleges Library

1281 Tropical Ave. Cor. Luxembourg St., BF Homes International, Las Pinas City

Tel. No. 8256374 / 252358 Loc. 117/146

Powered by Koha